| 000 | 00475nam a22001817a 4500 | ||
|---|---|---|---|
| 005 | 20251108164046.0 | ||
| 008 | 250721s1999 xx 000 0 ara d | ||
| 082 | 1 | 4 | _a658.8/حرب |
| 100 | 1 | _aحرب، بيان | |
| 245 | 1 | 0 | _aمبادئ التسويق / |
| 264 | 1 |
_aعمان : _bمؤسسة الوراق، _c1999. |
|
| 300 | _a291ص | ||
| 650 | 1 | 7 | _aالتسويق |
| 650 | 1 | 7 | _aتسويق التجزئة |
| 650 | 1 | 7 | _aالتوزيع |
| 942 |
_2ddc _cBK |
||
| 999 |
_c2581 _d2581 |
||